| 000 | 00346 a2200157 4500 | ||
|---|---|---|---|
| 001 | 58961 | ||
| 020 | _a8586866202 | ||
| 040 | _cAnchieta - Pituba | ||
| 100 | _aReis, Liana Maria | ||
| 240 | 1 | 0 |
_aMinas colonial em documentos _lpor |
| 245 | 1 | 0 | _aMinas colonial em documentos |
| 300 | _a167 | ||
| 362 | 0 | _a1999 | |
| 650 | 4 | _aBrasil | |
| 942 | _cBK | ||
| 999 |
_c58961 _d58961 |
||